000
00244nam a2200097Ia 4500
001
683093
005
20250826161431.0
008
250824s9999 xx 000 0 und d
245
0
_a
ELVEDA BALKANLAR
_c
İSMAİL BİLGİN
260
_b
TİMAŞ YAYINLARI
999
_c
683093
_d
683093